00698 am a22002173 4500001001000000003000300010005001700013008004100030015001900071020002900090040001100119082001600130100002200146245008400168260008200252300002100334650003300355710006700388942000800455999001700463013078986Uk20170619150138.0690917s1969 enk | 000 | eng  aGB69283052bnb a090187700X (pbk) :c50/- aUkcUk04a496.9252181 aMaw, Joan,d1927-10aSentences in Swahili :ba study of their internal relationships /cby Joan Maw. aLondon :bUniversity of London School of Oriental and African Studies,c1969. a142 p. ;c25 cm. 0aSwahili languagexSentences.2 aUniversity of London.bSchool of Oriental and African Studies. 2ddc c63673d63647